Statistiques concernant Meilleurs buteurs des grands clubs européens

Cliquez ici pour prendre le quiz!

Statistiques générales

  • Ce quiz a été pris 861 fois
    (163 depuis la dernière actualisation)
  • Le résultat moyen est 13 sur 25

Statistiques - réponses

CLUBBUTSJOUEUR% Correct
Real Madrid450Cristiano Ronaldo
99%
FC Barcelone672Lionel Messi
98%
PSG256Kylian Mbappé
96%
Tottenham280Harry Kane
91%
Bayern Munich570Gerd Müller
90%
Arsenal228Thierry Henry
84%
Manchester City260Sergio Agüero
78%
AS Roma307Francesco Totti
74%
Manchester United253Wayne Rooney
74%
Ajax Amsterdam273Johan Cruyff
69%
Lazio Rome207Ciro Immobile
67%
Benfica Lisbonne473Eusébio
65%
Atlético Madrid181Antoine Griezmann
59%
Juventus289Alessandro Del Piero
55%
Chelsea211Frank Lampard
45%
SSC Napoli148Dries Mertens
43%
RB Leipzig113Timo Werner
43%
Villarreal117Gerard Moreno
38%
Liverpool346Ian Rush
23%
Inter Milan284Giuseppe Meazza
19%
Olympique de Marseille194Gunnar Andersson
17%
Olympique Lyonnais222Fleury Di Nallo
11%
AS Monaco233Delio Onnis
5%
AC Milan221Gunnar Nordahl
2%
Borussia Dortmund177Alfred Preissler
1%

Distribution des résultats

Percentile par nombre de réponses

% des personnes avec chaque résultat

Votre développement - résultats

Vous n’avez pas pris ce quiz depuis la dernière actualisation